British Seaside Resorts - Statistics

General Stats
  • This quiz has been taken 78 times
  • The average score is 6 of 10
Answer Stats
Hint Answer % Correct
Illuminations Blackpool
97%
Featured in the title of a Simon and Garfunkel song Scarborough
75%
Fawlty Towers Torquay
74%
Probably the coolest, what with The Lanes etc Brighton
69%
Lincolnshire's finest? Skegness
69%
Known for its gothic connections Whitby
60%
Surf City? Newquay
59%
Pembrokeshire's most popular? Tenby
35%
East coast and very UKIP-py! Great Yarmouth
28%
________ and Portland Weymouth
28%
No matching quizzes found
Score Distribution
Percent of People with Each Score
Percentile by Number Answered
Your Score History
You have not taken this quiz